| 000 | 00973 a2200205 4500 | ||
|---|---|---|---|
| 001 | 27123 | ||
| 005 | 20260407155548.0 | ||
| 008 | 260407a1979 arg spa d | ||
| 003 | AR-UNSa-BCEJYS | ||
| 040 |
_aAR-UNSa-BCEJYS _bspa _cAR-UNSa-BCEJYS |
||
| 080 |
_a711 _xPrincipios y práctica de la ordenación. Ordenación del territorio, ordenación urbana y rural |
||
| 245 | 1 | 0 | _aGestión, financiación y control del urbanismo |
| 020 | _a84-7088-235-X | ||
| 264 | 1 |
_aMadrid : _bInstituto de Estudios de Administración Local _c1979 |
|
| 300 |
_a964 p. _c21 cm. |
||
| 505 | _a1. Problemática general del urbanismo español, hoy - 2. La orgánica del urbanismo - 3. El plan como base de la gestión urbanística - 4. La ejecución pública del plan - 5. La ejecución privada del urbanismo - 6. La financiación del urbanismo - 7. El control del urbanismo | ||
| 942 | _cBK | ||
| 590 | _aniveau_biblio:m niveau_hierar:0 | ||
| 100 | 1 | _aGonzález-Berenguer Urrutia, José Luis | |
| 999 |
_c1548 _d1548 |
||